Skąpiec /

Αποθηκεύτηκε σε:
Λεπτομέρειες βιβλιογραφικής εγγραφής
Κύριος συγγραφέας: Molier (1622-1673)
Μορφή: Βιβλίο
Γλώσσα:Πολωνικά
Έκδοση: Wrocław : "Siedmioróg", 1997.
Σειρά:Lektury dla Każdego
Θέματα:
Ετικέτες: Προσθήκη ετικέτας
Δεν υπάρχουν, Καταχωρήστε ετικέτα πρώτοι!

MARC

LEADER 00000nam#a2200000#i#4500
001 9913361173305606
005 20260515140229.0
008 800101s1997----pl-----gr----o000-0-pol-d
020 |a 8371621485 
035 |a 990000432490208415-48omnis_network 
035 |a KPS000043249 
035 |a (Aleph)000043249KPS01 
035 |a (PL)b0001370107004 
040 |a SZCZ M  |c SZCZ M 
080 |a 840-2 
090 |c 138  |d 137 
100 1 |a Molier  |d (1622-1673) 
245 0 0 |a Skąpiec /  |c Molier ; przeł. [z fr.] Tadeusz Żeleński [nazwa] (Boy) [pseud.]. 
260 |a Wrocław :  |b "Siedmioróg",  |c 1997. 
300 |a 110 s. ;  |c 21 cm. 
440 0 |a Lektury dla Każdego 
500 |a Nazwa aut. : Jean Baptiste Poquelin. 
521 |a Lektura dla klasy I szkoły średniej. 
650 9 |a Komedia francuska  |y 17 w. 
920 |a 83-7162-148-5 
942 |c K 
952 |0 0  |1 0  |4 0  |6 R__100_000000000000000  |7 0  |9 129  |a RYT  |b RYT  |d 2026-05-13  |e 1/2014  |g 10.00  |l 0  |o R.100  |p 2000000001005  |r 2026-05-15 14:02:29  |w 2026-05-15  |y BK  |z da 
999 |c 129  |d 129